000 02140nam0a22003371 4500
001 v19\rc\1754807
005 20260405145943.0
035 _a(NLR Aleph) 005231640
090 _a5611705
_c5611705
100 _a20061204e19031903|||y0rusy50 ca
101 0 _arus
102 _aRU
105 _ay z |||||
200 1 _aМатематика как основание критики научно-философского мировоззрения
_e(По исслед. Г. Тейхмюллера, Александра ф. Эттингена, Н.В. Бугаева и П.А. Некрасова в связи с исслед. авт. по формальной химии)
_f[Соч.] В.Г. Алексеева, орд. проф. Имп. Юрьев. ун-та
210 _aЮрьев
_cтип. К. Маттисена
_d1903
215 _a50 с.
_d24
311 _aИз "Сб. Учено-лит. о-ва при Имп. Юрьев. ун-те". Т. 7
488 0 _12001#$aСборник Учено-литературного общества при Императорском Юрьевском университете$vТ. 7
_tСборник Учено-литературного общества при Императорском Юрьевском университете
700 1 _7ca
_8rus
_aАлексеев
_bВ. Г.
_cматематик
_f1866-1943
_gВиссарион Григорьевич
_9242834
_3RU\NLR\AUTH\770242890
702 1 _aБугаев
_bН.В.
_f1837-1903
_gНиколай Васильевич
_4100
702 1 _aТейхмюллер
_bГ.
_f1832-1888
_gГустав
_4100
702 1 _9z01790
_aЭттинген
_bА.
_f1827-1900
_gАлександр
_4100
702 1 _4100
_4100
_8rus
_7ca
_aНекрасов
_bП. А.
_cматематик
_f1853-1924
_gПавел Алексеевич
_3RU\NLR\AUTH\7761324
_944254
790 1 _9z01702
_aЭттинген
_bА. фон
_f1827-1900
_gАлександр фон
801 0 _aRU
_bNLR
_c20061204
_gpsbo
801 0 _aRU
_bRuMoRGB
_c20061204
_2psbo
801 1 _aRU
_bProSoft-M
_c20061204
_2rusmarc
801 2 _aRU
_bNLR
_c20080225
_2rusmarc
852 _aNLR
_j34.48.4.11
942 _cBOOK
980 _aNB